All North American Pro Sports Teams (including MLS) - Statistics

General Stats
  • This quiz has been taken 6,636 times
    5,404 since last reset
  • The average score is 112 of 153
Answer Stats
Team % Correct
New York Jets
89%
Winnipeg Jets
89%
Cincinnati Reds
88%
Los Angeles Lakers
88%
New York Giants
88%
San Francisco Giants
88%
Carolina Panthers
87%
Chicago Bears
87%
Detroit Lions
87%
Kansas City Chiefs
87%
Miami Dolphins
87%
New England Patriots
87%
San Francisco 49ers
87%
Arizona Cardinals
86%
Boston Celtics
86%
Dallas Cowboys
86%
Florida Panthers
86%
Los Angeles Kings
86%
Miami Heat
86%
Philadelphia Eagles
86%
Sacramento Kings
86%
St. Louis Cardinals
86%
Atlanta Falcons
85%
Atlanta Hawks
85%
Chicago Bulls
85%
Jacksonville Jaguars
85%
Los Angeles Rams
85%
Seattle Seahawks
85%
Baltimore Ravens
84%
Boston Red Sox
84%
Cincinnati Bengals
84%
Green Bay Packers
84%
Philadelphia 76ers
84%
Pittsburgh Steelers
84%
Tampa Bay Buccaneers
84%
Washington Commanders
84%
Brooklyn Nets
83%
Chicago White Sox
83%
Cleveland Browns
83%
Denver Broncos
83%
Denver Nuggets
83%
Golden State Warriors
83%
Houston Texans
83%
Las Vegas Raiders
83%
Los Angeles Chargers
83%
Minnesota Vikings
83%
New York Knicks
83%
New York Yankees
83%
Buffalo Bills
82%
Indianapolis Colts
82%
New Orleans Saints
82%
Detroit Pistons
81%
Los Angeles Clippers
81%
Milwaukee Bucks
81%
Washington Wizards
81%
Cleveland Cavaliers
80%
Dallas Mavericks
80%
Minnesota Timberwolves
80%
Oklahoma City Thunder
80%
Orlando Magic
80%
San Antonio Spurs
80%
Toronto Raptors
80%
Utah Jazz
80%
Charlotte Hornets
79%
Houston Rockets
79%
Phoenix Suns
79%
Tennessee Titans
79%
Detroit Tigers
78%
Indiana Pacers
78%
New Orleans Pelicans
78%
New York Mets
78%
New York Rangers
78%
Oakland Athletics
78%
Texas Rangers
78%
Chicago Cubs
77%
Los Angeles Dodgers
77%
Memphis Grizzlies
77%
Portland Trail Blazers
77%
Toronto Blue Jays
76%
Boston Bruins
75%
Edmonton Oilers
74%
Los Angeles Angels
74%
Pittsburgh Penguins
74%
Arizona Diamondbacks
73%
Atlanta Braves
73%
Baltimore Orioles
73%
Houston Astros
73%
Montreal Canadiens
73%
Pittsburgh Pirates
73%
Toronto Maple Leafs
73%
Cleveland Guardians
72%
Los Angeles Galaxy
72%
Anaheim Ducks
71%
Miami Marlins
71%
Philadelphia Phillies
71%
Seattle Mariners
71%
Vancouver Canucks
71%
New York Islanders
70%
San Diego Padres
70%
Tampa Bay Rays
70%
Washington Nationals
70%
Dallas Stars
69%
Kansas City Royals
69%
Milwaukee Brewers
69%
San Jose Sharks
69%
Vegas Golden Knights
69%
Washington Capitals
69%
Chicago Blackhawks
68%
Colorado Rockies
68%
Detroit Red Wings
68%
Los Angeles FC
68%
Minnesota Twins
68%
St. Louis Blues
68%
Colorado Avalanche
67%
Ottawa Senators
67%
Philadelphia Flyers
67%
Tampa Bay Lightning
67%
Calgary Flames
66%
Inter Miami
66%
Minnesota Wild
66%
New Jersey Devils
66%
Seattle Kraken
66%
Carolina Hurricanes
65%
New York Red Bulls
65%
Buffalo Sabres
64%
Columbus Blue Jackets
64%
Chicago Fire
63%
Nashville Predators
63%
Arizona Coyotes
62%
Seattle Sounders
62%
New York City FC
59%
FC Dallas
58%
Toronto FC
58%
DC United
57%
Portland Timbers
57%
Orlando City
55%
Columbus Crew
54%
New England Revolution
54%
Real Salt Lake
54%
Vancouver Whitecaps
54%
Atlanta United
53%
CF Montreal
52%
Houston Dynamo
52%
Nashville SC
51%
Austin FC
50%
Charlotte FC
50%
Minnesota United
50%
FC Cincinnati
49%
Philadelphia Union
49%
San Jose Earthquakes
47%
Colorado Rapids
46%
Sporting Kansas City
45%
St. Louis City SC
26%
No matching quizzes found
Score Distribution
Percent of People with Each Score
Percentile by Number Answered
Your Score History
You have not taken this quiz since the last reset